Maggior numero di Vittorie al Gran Premio d'Australia - Statistics

Statistiche generali
  • Questo quiz è stato fatto 8 volte
  • Il punteggio medio è 6 su 11
Statistiche sulle risposte
Numero vittorie Stagioni delle vittorie Pilota % Corretto
2 2008, 2015 Lewis Hamilton
100%
4 2000, 2001, 2002, 2004 Michael Schumacher
86%
2 1991, 1993 Ayrton Senna
71%
3 2011, 2017, 2018 Sebastian Vettel
71%
3 2009, 2010, 2012 Jenson Button
57%
2 2007, 2013 Kimi Räikkönen
57%
2 1986, 1988 Alain Prost
43%
2 1995, 1996 Damon Hill
43%
2 2014, 2016 Nico Rosberg
43%
2 1987, 1992 Gerhard Berger
29%
2 1997, 2003 David Coulthard
14%
Nessun quiz corrispondente trovato
Distribuzione punteggi
Percentuale di utenti per punteggio
Percentile per numero di risposta
I tuoi punteggi nel tempo
Non hai fatto questo quiz